Research reports. economic studies, (2005) : Volume XXII.

Opis bibliograficzny
Korporacja: BRAC, Research and Evaluation Division
Format: Książka
Język:English
Hasła przedmiotowe:
Classic Catalogue: View this record in Classic Catalogue
LEADER 01322nam a22002657a 4500
001 32514
003 BD-DhAAL
005 20240926124237.0
008 171130t2004 bg a|||| |||| 00| 0 eng d
040 |a BD-DhAAL  |c BD-DhAAL 
082 |2 22  |a 338.095492 
245 |a Research reports.  |p (2005) :  |b economic studies,  |n Volume XXII. 
264 |a Dhaka :  |b Research and Evaluation Division, BRAC Centre  |c 2005. 
300 |a 204 pages :  |b illustrations ;  |c 30 cm. 
362 |a Vol. 22 
504 |a Includes bibliographical references. 
541 |a Complementary copy from BRAC  |e 32514, 42910 
610 |a BRAC.  |9 14405 
651 |a Bangladesh  |x Economic condition.  |9 24144 
710 |a BRAC,   |9 14405  |b Research and Evaluation Division. 
852 |a Ayesha Abed Library  |c BRAC Resource Section 
942 |2 ddc  |c BK 
999 |c 38767  |d 38767 
952 |0 0  |1 0  |2 ddc  |4 0  |6 338_095492000000000_RES  |7 1  |8 RPT  |9 62188  |a BRACUL  |b BRACUL  |c BRS  |d 2017-12-07  |e Complementary copy from BRAC  |l 0  |o 338.095492 RES  |p 3010032514  |r 2017-12-07  |t 1  |w 2017-12-07  |y BK  |x Complementary copy from BRAC; Price not available in register. 
952 |0 0  |1 0  |2 ddc  |4 0  |6 338_095492000000000_RES  |7 1  |8 RPT  |9 76022  |a BRACUL  |b BRACUL  |c BRS  |d 2024-08-20  |e Complementary copy from BRAC  |l 0  |o 338.095492 RES  |p 3010042908  |r 2024-08-20  |t 2  |y BK  |x Complementary copy from BRAC; Price not available in register.